1919 1617 1620 1273 1500 1859 1861 1650 1749 1131 1011 1665 1474 1167 1888 1103 1666 1885 1863 1600 1899 1566 1698 1534 1253 1039 1044 1560 1877 1072 1717 1570 1897 1668 1611 1121 1727 1269 1904 1872 1468 1422 1615 1031 1709 1256 1280 1809 1279 1936 1744 1400 1745 1896 1472 1807 1678 1453 1210 1785 1588 1345 1866 1044 1630 1035 1037 1846 1104 1431 1508 1518 1466 1478 1454 1597 1303 1911 1096 1314 1936 1101 1786 1757 1687 1467 1425 1380 1956 1568 1121 1452 1107 1594 1317 1931 1257 1227 1978 BCNSPRNW ULIB Ver.6.0+V

เปลี่ยนเป็นภาษาไทย

Change to English
 แสดงรายละเอียดบรรณานุกรม
  กลับหน้าหลัก

Brief Record : Get Marc (ISO 2709) : E-mail record : QR code < ปิดหน้าต่าง
LEADER : 00000nam 2200000uu 4500
001    13399123206
003     ULIB
008    140704s2551 th a 000 0 tha d
020    9789748458304
090    นว.^bป534ม
100    ปันหยา
245    แมวกับปลาย่าง /^cปันหยา
260    กรุงเทพฯ :^b1168Publishing,^c2551
300    252 หน้า
710    1168Publishing
945    ^p169^l0^i20342
999    ^aทศพร เกษรทอง
รายการนี้ยังไม่มีแท็ก
คุณยังไม่ได้ล็อกอิน คุณสามารถมีกิจกรรมร่วมกับเว็บไซต์ได้ แต่ต้องล็อกอินก่อน ::
  ล็อกอิน

รายการสื่อสารสนเทศ

ลำดับที่ ประเภท เลขเรียก/บาร์โค้ด สถานที่ สถานะ
1. นวนิยาย
นวนิยาย
นว. ป534ม ฉ.1 
  Barcode: 20342
ห้องสมุดวิทยาเขตนครสวรรค์
►นวนิยาย:l:Fiction
บนชั้น

BibComment


ยังไม่เคยถูกคอมเมนท์

คอมเมนท์ทรัพยากรรายการนี้
  คอมเมนท์: แมวกับปลาย่าง ปั..


 Copyright 2026. Bcnsprnw @Library